000 00288nam a22001337a 4500
005 20250826103550.0
008 180727b xxu||||| |||| 00| 0 eng d
022 _a0970-CMPDI7204
110 _aCMPDI
_98643
245 _aMINETECH
260 _aRANCHI
_bCMPDI
300 _a56
942 _cJRL
999 _c5724
_d5722